[Event "ISR-chT 2020"]
[Site "Israel"]
[Date "2020.01.10"]
[Round "1.10"]
[White "Polyakov, Alex"]
[Black "Caspi, Israel"]
[Result "0-1"]
[WhiteElo "2235"]
[BlackElo "2474"]
[Annotator "TA"]
[PlyCount "62"]
[EventDate "2020.01.10"]
[EventType "team-tourn"]
[EventCountry "ISR"]
[SourceTitle "playchess.com"]
[Source "ChessBase"]
[SourceQuality "1"]

{[%evp 10,108,10,-33,-33,-33,-33,-33,-33,-38,-35,-83,-87,-84,-29,-114,-101,-116,-126,-125,-104,-183,-181,-164,-166,-177,-166,-228,-217,-217,-217,-217,-217,-224,-175,-175,-175,-175,-175,-174,-136,-168,-168,-200,-196,-215,-215,-228,-215,-215,-215,-243,-240,-283,-275,-347,-361,-400,-381,-445,-440,-580,-543,-748,-739,-742,-738,-680,-614,-841,-818,-816,-807,-1107,-749,-799,-653,-585,-465,-998,-918,-1716,-1720,-1982,-1782,-29989,-29982,-29982,-5014,-29978,-29979,-29978,-29979,-5789,-5781,-29988,-29989,-29992,-29993,-29995,-29996]} 1. b3 e5 2. Bb2 Nc6 3. e3 d5 4. Bb5 Bd6 5. Nf3 Qe7 6. d4 {Threatens to win with dxe5.} e4 {A01: Nimzowitsch-Larsen Opening} 7. Ne5 Qg5 $1 {[%cal Rd6e5]} 8. g3 (8. Kf1 Nge7 9. h4 Qf6 10. c4 O-O 11. Bxc6 bxc6 12. c5 Nf5 13. Kg1 Be7 14. h5 {1-0 (50) Short,N (2678)-Howell,D (2676) Riadh 2017}) 8... Bxe5 {Black is slightly better.} 9. dxe5 Nge7 10. h4 Qf5 11. Bxc6+ $146 ({Predecessor:} 11. Nc3 Qxe5 12. Bxc6+ bxc6 13. Na4 Qd6 14. Bxg7 {1-0 (54) Prasannaa,S (2158)-Nithin,B (1899) Rajahmundry 2016}) 11... bxc6 (11... Nxc6 $17 12. Nc3 Be6) 12. Qd4 (12. h5 $11) 12... Qf3 $17 13. Rg1 Bg4 {[%csl Gg4][%cal Rf3e2]} 14. Nc3 O-O 15. Qd1 (15. Ba3 $17 Rfe8 16. Bxe7 Rxe7 17. Rd1) 15... Qf5 $36 {[%mdl 2048] Black has strong initiative.} 16. Ne2 Ng6 17. Qd2 Nxe5 18. O-O-O (18. Bxe5 $142 Qxe5 19. Qd4) 18... f6 19. Nd4 Qd7 20. Ba3 Bxd1 21. Bxf8 Rxf8 22. Rxd1 c5 {[%cal Bc6c5,Bc5c4][%mdl 32]} 23. Ne2 c6 $1 24. Qa5 c4 25. Nf4 Rb8 26. Qc5 Rb5 27. Qd4 Qe7 28. Ne2 Qa3+ 29. Qb2 Qa5 30. h5 h6 31. Nc3 Rb6 {Played: Rb5-b8} 0-1

[Event "ISR-chT 2020"]
[Site "Israel"]
[Date "2020.01.10"]
[Round "1.11"]
[White "Haimovich, Tal"]
[Black "Kuprijanov, Anatoly"]
[Result "1/2-1/2"]
[WhiteElo "2402"]
[BlackElo "2238"]
[Annotator "TA"]
[PlyCount "148"]
[EventDate "2020.01.10"]
[EventType "team-tourn"]
[EventCountry "ISR"]
[SourceTitle "playchess.com"]
[Source "ChessBase"]
[SourceQuality "1"]

{[%evp 23,148,20,20,20,31,18,20,26,10,8,11,4,72,76,93,75,91,-8,53,33,37,40,49,51,50,28,25,25,39,36,37,39,32,29,41,41,54,47,64,0,32,-18,0,0,0,0,31,0,0,0,14,20,17,17,17,16,11,10,17,0,51,32,140,145,186,168,422,400,480,477,486,510,460,81,81,81,92,81,81,13,13,13,13,13,20,20,20,13,20,13,20,20,20,14,21,21,21,21,21,22,22,22,29,0,0,0,0,0,0,-8,0,0,0,0,0,0,0,0,0,0,0,0,0,0,0,0,0]} 1. e4 c6 2. d4 d5 3. Nd2 dxe4 4. Nxe4 Bf5 5. Ng3 Bg6 6. h4 h6 7. Nf3 Nd7 8. h5 Bh7 9. Bd3 Bxd3 10. Qxd3 e6 11. Bf4 Bb4+ 12. c3 Be7 13. Ne4 {B19: Classical Caro-Kann: 4...Bf5 main line} (13. O-O-O Ngf6 14. Kb1 Qb6 15. Ne4 Rd8 16. Ne5 Qb5 17. Nxf6+ Bxf6 18. Qg3 Qd5 19. Rhe1 b5 20. Bc1 Nb6 21. f4 {1-0 (36) Kokarev,D (2598)-Afanasiev,N (2494) Khanty-Mansiysk 2018}) 13... Ndf6 14. Ned2 Nd5 15. Be5 Ngf6 16. O-O-O O-O 17. Kb1 $146 ({Predecessor:} 17. Bxf6 Nxf6 18. Kb1 c5 19. Ne4 cxd4 20. Qe2 Qb6 21. Nxd4 {½-½ (36) Gonzalez Garcia,J (2431)-Gonzalez Vidal,Y (2456) Santa Clara 2003}) 17... Qb6 (17... Ng4 $11 18. Bg3 a5) 18. c4 $16 Qa6 19. Qb3 Nb6 {[#]} 20. Rhe1 (20. Bxf6 $1 $16 Bxf6 21. Rc1) 20... Qa4 ({Black should try} 20... Rad8 $11) 21. Qxa4 $14 Nxa4 22. Bxf6 Bxf6 23. c5 {Strongly threatening Ne4.} b6 $1 24. Ne4 bxc5 25. b3 Nb6 26. Nxf6+ gxf6 27. dxc5 Nd5 28. Kb2 Kh7 29. Re4 Rg8 30. g3 Rgd8 31. Nd4 ({White should play} 31. Rd3 $14) 31... Ne7 (31... f5 $5 {[%cal Rf5e4]} 32. Ree1 Rdc8 $11) 32. Rc1 f5 33. Rh4 Rd5 34. Ne2 e5 35. Ra4 a6 36. Rb4 Rd7 37. Nc3 a5 38. Ra4 Kg7 39. Rd1 Rxd1 40. Nxd1 $11 {[%mdl 4096] Endgame KRN-KRN} Nd5 41. a3 Kf6 (41... f4 $11) 42. b4 $14 Ke6 ({Better is} 42... Nc7 $14) 43. Rxa5 $16 Rxa5 44. bxa5 {[#] Hoping for a6. KN-KN} Nc7 $2 (44... Kd7 {was called for.} 45. Kc2 e4) 45. Ne3 $18 Na6 46. Kc3 Nxc5 47. Kc4 Na6 48. g4 $2 (48. f4 $18 {is the precise move to win.}) 48... fxg4 $16 49. Nxg4 f5 50. Nxh6 Kf6 51. a4 (51. Kd3 $16) 51... Ke6 $11 52. Kc3 Kf6 53. Kd2 {With the idea Kd3.} Ke6 54. Ke3 Nc5 55. f3 {next Kf2 is good for White.} Kf6 56. Ke2 {White wants to play Ke1.} Ke6 57. Kd1 Kf6 58. Kc2 Ke6 59. Kc3 Kf6 60. Kc4 Na6 61. Kd3 Nc5+ 62. Ke3 Ke6 63. f4 e4 {The position is equal.} 64. Nxf5 Kxf5 {KN-KP} 65. h6 {And now h7 would win.} Kg6 66. Kd4 $132 {[%mdl 2048] White is fighting back} Kxh6 67. Kxc5 {Threatening mate with Kd4. K3P-KPP} e3 68. a6 {Threatens to win with a7.} e2 69. a7 e1=Q 70. a8=Q {aiming for Qh8+.} Qe3+ 71. Kb4 $1 Qxf4+ 72. Ka5 Qd2+ 73. Ka6 Qd3+ 74. Kb6 (74. Ka5 $5 {[%cal Ra8c6]} Qc3+ 75. Ka6 $11) 74... Qd4+ {Accuracy: White = 66%, Black = 54%.} 1/2-1/2

[Event "ISR-chT 2020"]
[Site "Israel"]
[Date "2020.01.10"]
[Round "1.12"]
[White "Musyuk, Lior"]
[Black "Krayz, Alexander"]
[Result "1/2-1/2"]
[WhiteElo "2327"]
[BlackElo "2359"]
[Annotator "TA"]
[PlyCount "62"]
[EventDate "2020.01.10"]
[EventType "team-tourn"]
[EventCountry "ISR"]
[SourceTitle "playchess.com"]
[Source "ChessBase"]
[SourceQuality "1"]

{[%evp 14,62,20,15,8,18,16,11,26,19,16,3,12,0,0,-9,0,0,23,3,28,16,28,31,31,31,42,36,48,49,45,37,51,32,45,32,32,28,41,0,35,0,45,36,62,77,77,0,73,0,58]} 1. e4 e6 2. d4 d5 3. Nc3 Bb4 4. Nge2 dxe4 5. a3 Be7 6. Nxe4 Nd7 7. N2g3 Ngf6 8. Bd3 c5 {C15: French: 3 Nc3 Bb4: Unusual White 4th moves} 9. dxc5 Nxc5 10. Nxc5 Bxc5 11. O-O Bd7 12. Ne4 $146 ({Predecessor:} 12. b4 Bd4 13. Rb1 h6 14. c4 a5 15. Be4 Bc6 16. Bxc6+ bxc6 {1-0 (36) Rogers,I (2529)-Pert,N (2465) Birmingham 2001}) 12... Be7 13. Nxf6+ Bxf6 14. Be4 Bb5 15. Re1 Qxd1 (15... Bc6 {is more complex.} 16. Bxc6+ bxc6 17. c3 O-O 18. Qc2 Qc7) 16. Rxd1 Rc8 (16... Bc6 {looks sharper.} 17. Bxc6+ bxc6 18. Rb1 Ke7 19. f3 Rad8) 17. Be3 Bc6 ({Don't blunder} 17... Bxb2 $2 18. Rab1 $18) 18. Bxc6+ Rxc6 19. c3 Ke7 20. Rd2 ({Reject} 20. Bxa7 b6 $15) 20... Ra8 21. Rad1 Rc7 $1 22. Bf4 e5 23. Bg3 g5 24. Rd5 Ke6 25. Rd6+ Ke7 26. R6d5 Ke6 27. Rd6+ Ke7 28. Kf1 Rg8 29. R6d5 Ke6 30. Rd6+ Ke7 $1 31. R6d5 Ke6 {Accuracy: White = 50%, Black = 57%.} 1/2-1/2

[Event "ISR-chT 2020"]
[Site "Israel"]
[Date "2020.01.10"]
[Round "1.13"]
[White "Sutovsky, Emil"]
[Black "Gorodetzky, David"]
[Result "1-0"]
[WhiteElo "2643"]
[BlackElo "2486"]
[Annotator "ChessBase"]
[PlyCount "89"]
[EventDate "2020.01.10"]
[EventType "team-tourn"]
[EventCountry "ISR"]
[SourceTitle "playchess.com"]
[Source "ChessBase"]
[SourceQuality "1"]
[TimeControl "40/5400+30:1800+30"]

1. e4 {[%emt 0:00:00]} c6 {[%emt 0:00:00]} 2. d4 {[%emt 0:00:00]} d5 {[%emt 0:00:00]} 3. e5 {[%emt 0:00:00]} c5 {[%emt 0:02:11]} 4. dxc5 {[%emt 0:05:45]} e6 {[%emt 0:00:07]} 5. Nf3 {[%emt 0:03:18]} Bxc5 {[%emt 0:05:52]} 6. Bd3 {[%emt 0:00:08]} Nc6 {[%emt 0:00:49]} 7. a3 {[%emt 0:02:28]} Nge7 {[%emt 0:02:27]} 8. b4 {[%emt 0:00:03]} Bb6 {[%emt 0:00:18]} 9. Bb2 {[%emt 0:01:18]} Ng6 {[%emt 0:07:57]} 10. O-O {[%emt 0:01:12]} O-O {[%emt 0:03:37]} 11. g3 {[%emt 0:01:49]} f6 {[%emt 0:09:12]} 12. exf6 {[%emt 0:00:26]} gxf6 {[%emt 0:02:27]} 13. c4 {[%emt 0:00:10]} dxc4 {[%emt 0:13:02]} 14. Bxc4 {[%emt 0:02:51]} Qxd1 {[%emt 0:00:08]} 15. Rxd1 {[%emt 0:00:04]} Kg7 {[%emt 0:00:08]} 16. Be2 {[%emt 0:06:27]} e5 {[%emt 0:03:35]} 17. Nc3 {[%emt 0:00:49]} Bg4 {[%emt 0:05:48]} 18. Nd2 {[%emt 0:07:25]} Be6 {[%emt 0:05:53]} 19. Nb5 {[%emt 0:04:03]} a6 {[%emt 0:08:07]} 20. Nd6 {[%emt 0:02:11]} Bd4 {[%emt 0:00:27]} 21. Bxd4 {[%emt 0:07:28]} Nxd4 {[%emt 0:00:41]} 22. Bc4 {[%emt 0:18:03]} Bg4 {[%emt 0:03:54]} 23. Rdc1 {[%emt 0:03:59]} b5 {[%emt 0:03:00]} 24. Bf1 {[%emt 0:08:15]} Ra7 {[%emt 0:05:26]} 25. a4 {[%emt 0:00:41]} Rd8 {[%emt 0:04:08]} 26. N6e4 {[%emt 0:00:47]} bxa4 {[%emt 0:01:23]} 27. Nc5 {[%emt 0:00:31]} Nc6 {[%emt 0:08:07]} 28. Nc4 {[%emt 0:06:01]} Nxb4 {[%emt 0:02:27]} 29. Na5 {[%emt 0:01:13]} Bd7 {[%emt 0:01:32]} 30. Rab1 {[%emt 0:07:16]} Na2 {[%emt 0:01:11]} 31. Rc4 {[%emt 0:00:03]} Kh6 {[%emt 0:00:57]} 32. Nab7 {[%emt 0:05:48]} Rb8 {[%emt 0:00:30]} 33. Bg2 {[%emt 0:00:17]} Bc8 {[%emt 0:00:37]} 34. Rb2 {[%emt 0:00:55]} f5 {[%emt 0:00:31]} 35. Rxa2 {[%emt 0:00:41]} Bxb7 {[%emt 0:00:12]} 36. Bxb7 {[%emt 0:00:54]} Raxb7 {[%emt 0:00:09]} 37. Nxb7 {[%emt 0:00:05]} Rxb7 {[%emt 0:00:09]} 38. Rcxa4 {[%emt 0:00:21]} e4 {[%emt 0:00:58]} 39. Rxa6 {[%emt 0:00:19]} Kg5 {[%emt 0:00:08]} 40. Kg2 {[%emt 0:03:43]} Rf7 {[%emt 0:01:21]} 41. R2a5 {[%emt 0:31:08]} Kh6 {[%emt 0:30:32]} 42. Ra7 {[%emt 0:00:52]} Rf8 {[%emt 0:00:00]} 43. Rb7 {[%emt 0:00:00]} f4 {[%emt 0:00:00]} 44. g4 {[%emt 0:00:00]} Nh4+ {[%emt 0:00:00]} 45. Kh3 {[%emt 0:00:00]} 1-0

[Event "ISR-chT 2020"]
[Site "Israel"]
[Date "2020.01.10"]
[Round "1.14"]
[White "Galburd, Yan"]
[Black "Kogan, Arthur"]
[Result "1-0"]
[WhiteElo "2450"]
[BlackElo "2524"]
[Annotator "TA"]
[PlyCount "275"]
[EventDate "2020.01.10"]
[EventType "team-tourn"]
[EventCountry "ISR"]
[SourceTitle "playchess.com"]
[Source "ChessBase"]
[SourceQuality "1"]

{[%evp 11,275,12,14,8,12,4,7,5,8,2,2,7,14,6,11,4,11,2,17,15,36,36,54,32,132,28,74,47,52,40,40,40,60,60,50,27,62,31,20,-6,73,65,72,74,58,70,65,0,0,0,0,-92,-71,-50,-67,-81,-37,-148,30,28,55,51,300,270,267,267,267,267,304,226,224,150,330,341,322,317,312,160,303,304,287,192,188,166,166,188,171,118,120,89,94,29,32,0,6,0,0,0,0,0,0,0,0,0,0,0,0,0,0,0,0,0,0,0,0,0,0,0,0,0,0,0,0,0,0,0,6,6,12,0,0,0,0,0,0,0,0,0,0,0,0,0,0,0,0,0,0,0,0,0,0,0,0,0,0,0,3,0,0,0,0,0,0,0,0,0,0,0,0,0,0,0,3,0,0,0,3,0,10,10,18,18,18,0,25,0,0,0,0,0,0,0,0,0,0,0,0,0,0,0,0,0,27996,27996,27997,0,0,0,0,0,0,0,0,0,0,0,0,0,0,0,0,0,0,0,0,0,0,0,0,0,0,0,0,0,0,0,0,0,0,0,0,0,0,0,0,0,0,0,0,0,0,0,0,0,27984,27984,27987,27987,27988,27988,27990,27990,27997,27997,27998,27998]} 1. Nf3 d5 2. g3 Bg4 3. Bg2 c6 4. c4 e6 5. cxd5 exd5 6. O-O Nf6 7. h3 {A11: English Opening: 1...c6} (7. d3 Nbd7 8. Nc3 Bd6 9. h3 Bxf3 10. Bxf3 Qe7 11. e4 dxe4 12. Nxe4 Nxe4 13. Bxe4 O-O 14. Re1 Qd8 15. d4 Re8 16. Bd2 Nf6 {½-½ (31) Jones,G (2698)-Hovhannisyan,R (2630) Reykjavik 2019}) 7... Bxf3 8. exf3 Be7 9. f4 $146 {The position is equal.} ({Predecessor:} 9. Qb3 Qb6 10. Qe3 Qxe3 11. dxe3 Na6 12. Nc3 Nc5 13. Rd1 O-O 14. e4 dxe4 15. fxe4 {½-½ (23) Dizdarevic,E (2493)-Perunovic,M (2578) Sarajevo 2011}) 9... O-O 10. d3 Na6 11. Nd2 Nc5 12. Nf3 a5 13. Be3 a4 14. Qc2 Nfd7 15. h4 Qa5 16. Bh3 Rfd8 17. h5 a3 {[#]} (17... h6 $14) 18. b3 (18. b4 $1 $16 {[%cal Rb4a5][%mdl 512]} Qxb4 19. Rab1) 18... Bf6 19. d4 Ne4 20. Ne5 Nf8 21. Rac1 Qb4 22. Rfd1 Re8 23. Kg2 Bd8 24. h6 {Strongly threatening Bf5.} g6 $1 25. f5 f6 (25... Bg5 $11 26. Qd3 f6 27. Bxg5 Nxg5) 26. Nxc6 (26. Nd3 {looks sharper.} Qe7 27. b4 Nd6 28. Bf4 Nb5 29. Nc5) 26... bxc6 27. Qxc6 {[%mdl 64] Double Attack} Ba5 28. Qxd5+ Kh8 29. fxg6 (29. Qc6 $14) 29... hxg6 $11 30. h7 $40 {[%mdl 128] White has some attack.} Nxh7 {White must now prevent ...Nc3.} 31. Qf7 (31. Qc6 $11 {remains equal.}) 31... Qe7 32. Qxe7 Rxe7 33. d5 f5 34. g4 {[#]} (34. Rc6 $15 Kg7 35. d6) 34... Nd6 $2 (34... f4 $1 $17 {[%cal Rf4e3]} 35. d6 (35. Bxf4 Nc3) 35... Rf7 36. Bd4+ Kg8) 35. Rc6 Bb4 36. Rd4 Re4 $2 (36... Rb7 $1 $14) 37. Rxe4 Nxe4 38. gxf5 gxf5 39. Bxf5 Rg8+ 40. Kf1 Re8 41. Rh6 Re7 $2 (41... Nef6 $16) 42. Rh4 $18 Ng3+ 43. fxg3 Rxe3 44. Rxh7+ {[%mdl 4096] Endgame KRB-KRB} ({Stronger than} 44. Rxb4 Rf3+ 45. Ke2 Rxf5 $11) 44... Kg8 {With the idea ...Rf3+.} 45. Rb7 $1 Bd6 {Threatening ...Rf3+.} 46. Rb6 Bxg3 47. d6 Bh4 {Black wants to play ...Rf3+.} 48. Bg4 Re4 49. Rb8+ (49. Bf3 $18 Rd4 50. Ke2) 49... Kg7 $16 50. Be2 Rf4+ {[#]} 51. Kg1 ({White should try} 51. Kg2 $1 $16) 51... Rd4 $11 52. Ra8 {Black should prevent Bc4.} Rd2 $1 53. Bc4 Rxa2 54. d7 Rd2 55. Rxa3 Rxd7 56. Kg2 Kf6 57. Ra5 Ke7 58. Kf3 Kd8 59. Ke4 Bf2 60. Rf5 Bb6 61. Bd5 Kc7 62. Rf6 Rd6 63. Rf5 Bc5 64. Kd3 Rh6 65. Kc4 Kb6 66. Be4 Be3 67. Re5 Bf2 68. Re8 Rd6 69. Bd5 Rh6 70. b4 Rh4+ 71. Be4 Rh5 72. Re6+ Kc7 73. Rc6+ Kd7 74. Rf6 Bg1 75. Rf4 Kd6 76. Bf3 Re5 77. b5 Rc5+ 78. Kb4 Rc1 79. Be2 Bc5+ 80. Kb3 Rb1+ 81. Kc2 Re1 82. Bc4 Kc7 83. Rf6 {Threatens to win with Rc6+.} Re5 84. Bd3 Bd4 {And now ...Rc5+ would win.} 85. Rg6 Rc5+ 86. Kd2 Rh5 87. Rc6+ Kb8 88. Be2 Rh3 89. Rd6 Bc5 {Hoping for ...Bb4+.} 90. Rg6 Bd4 91. Bc4 Be3+ 92. Ke2 Bc5 93. Bd5 Rh2+ 94. Bg2 Bd4 95. Kd3 Bf2 96. Kc3 (96. Bf1 {feels hotter.} Rh4 97. Re6 Kb7 98. Kc3 Bd4+ 99. Kc4) 96... Kc7 97. Kd3 Rh4 98. b6+ (98. Rc6+ {looks sharper.} Kb8 99. Rf6 Rb4 100. Bc6 Bg3 101. Rf7) 98... Bxb6 99. Rc6+ Kd7 $2 {[%mdl 8192]} (99... Kd8 $11) 100. Rxb6 {KRB-KR} Ke7 $2 {[%mdl 8192]} (100... Rg4 $11) 101. Be4 Kf7 $2 {[%mdl 8192]} (101... Rh3+ $11 102. Kd4 Rh5) 102. Kd4 Rh2 $2 {[%mdl 8192]} (102... Ke7 $11) 103. Ke5 Rf2 $2 {[%mdl 8192]} (103... Rh5+ $11 104. Bf5 Ke8) 104. Rb7+ Kf8 $2 {[%mdl 8192]} (104... Ke8 $11) 105. Bf5 Ke8 $1 106. Kf6 {[%cal Rb7b8]} Kd8 $2 {[%mdl 8192] [#]} (106... Rd2 $11) 107. Rd7+ $1 Ke8 108. Rc7 {[%cal Rc7c8]} Rd2 109. Rc8+ Rd8 110. Bg6+ Kd7 111. Bf5+ Ke8 $1 {intending ...Rxc8.} 112. Rc7 Rd2 $2 {[%mdl 8192]} (112... Rd6+ $11 113. Be6 Rd1) 113. Bg4 Rf2+ 114. Ke6 {[%cal Rc7c8]} Kd8 $1 115. Rg7 Rg2 116. Rd7+ Kc8 117. Rg7 Kd8 $2 {[%mdl 8192]} (117... Kb8 $11) 118. Kd6 {[%cal Rg7g8]} Rd2+ 119. Ke5 Rg2 120. Kf4 (120. Ke4 {feels hotter.}) 120... Rf2+ 121. Bf3 Rf1 $2 {[%mdl 8192]} (121... Ke8 $11) 122. Ke4 Re1+ 123. Kd5 Re7 $2 {[%mdl 8192]} (123... Re8 $11) 124. Rg6 Rd7+ 125. Kc5 Rd3 $2 {[%mdl 8192]} (125... Rc7+ $11 126. Bc6 Rf7) 126. Bd5 (126. Rg8+ {is interesting.}) 126... Ke7 127. Re6+ (127. Kc4 {is more complex.}) 127... Kf8 $2 {[%mdl 8192]} (127... Kd7 $11) 128. Kd6 Kg7 129. Ke5 Rg3 $2 {[%mdl 8192]} (129... Re3+ $11 130. Be4 Rh3) 130. Re7+ (130. Kf5 {seems wilder.}) 130... Kh8 $2 {[%mdl 8192]} (130... Kg6 $11) 131. Re8+ (131. Kf4 {with more complications.}) 131... Kh7 132. Be6 Rg1 $2 {[%mdl 8192]} (132... Rg5+ $11 133. Bf5+ Kg7) 133. Bf5+ {White mates.} Kg7 134. Re7+ Kf8 135. Kf6 Rd1 136. Rh7 {[%cal Rh7h8]} Kg8 137. Rh4 Rf1 138. Rd4 {Accuracy: White = 63%, Black = 67%.} 1-0

[Event "ISR-chT 2020"]
[Site "Israel"]
[Date "2020.01.10"]
[Round "1.15"]
[White "Smirin, Ilia"]
[Black "Veinberg, Nimrod"]
[Result "1-0"]
[WhiteElo "2607"]
[BlackElo "2402"]
[Annotator "TA"]
[PlyCount "61"]
[EventDate "2020.01.10"]
[EventType "team-tourn"]
[EventCountry "ISR"]
[SourceTitle "playchess.com"]
[Source "ChessBase"]
[SourceQuality "1"]

{[%evp 20,61,7,6,11,10,10,4,30,0,85,78,84,85,97,104,125,127,139,141,148,0,137,108,126,92,106,102,133,109,258,237,224,143,417,400,792,782,718,621,614,602,575,539]} 1. e4 e5 2. Nf3 Nc6 3. Bb5 a6 4. Ba4 Nf6 5. O-O Be7 6. Qe2 b5 7. Bb3 O-O 8. c3 d6 9. Rd1 Na5 10. Bc2 c5 11. d4 cxd4 {C86: Closed Ruy Lopez: Worrall Attack} (11... Qc7 12. d5 Bd7 13. b3 g6 14. Nbd2 Nh5 15. Nf1 Bf6 16. g3 Bg7 17. Ne1 Qc8 18. Ne3 Qe8 19. Qf3 Bh6 20. N1g2 Ng7 {1-0 (58) Panchanathan,M (2479)-Van den Doel,E (2589) Hastings 2020}) 12. cxd4 Qc7 13. h3 Bd7 {The position is equal.} 14. a3 $146 ({Predecessor:} 14. Nc3 Rfe8 15. Bg5 exd4 16. Rxd4 Be6 17. Rc1 Nc6 18. Rdd1 h6 19. Bf4 Ne5 20. Nd4 {1-0 (28) Hinks Edwards,T (2377)-Trmal,J (2286) Czechia 2008}) 14... b4 (14... Rfc8 $11 {remains equal.} 15. Nc3 Be6) 15. axb4 $16 Nc6 16. Nc3 Nxb4 17. Bb3 Rfb8 18. Bg5 Be8 19. Rac1 {aiming for dxe5.} Qa5 20. Ra1 Qc7 21. Rdc1 h6 22. Bh4 Rc8 23. Bg3 {[%cal Rd4e5]} exd4 24. Nxd4 Nd7 (24... Bd7 $16) 25. Nf5 Bf8 26. Qd1 Ne5 $2 {[%mdl 8192] [#]} (26... Qd8 $16 27. Bxd6 (27. Nxd6 Bxd6 28. Bxd6 Nc5 $16) 27... Nc5) 27. Nb5 $1 $18 {[%mdl 512]} axb5 (27... Qxc1 $142 28. Rxc1 Rxc1 29. Qxc1 axb5) 28. Rxc7 {White is clearly winning.} Rxa1 29. Rxc8 Rxd1+ 30. Bxd1 g6 {[#]} 31. Nxd6 {Played: Nf5xh6} 1-0

[Event "ISR-chT 2020"]
[Site "Israel"]
[Date "2020.01.10"]
[Round "1.16"]
[White "Parkhov, Yair"]
[Black "Golod, Vitali"]
[Result "1-0"]
[WhiteElo "2370"]
[BlackElo "2503"]
[Annotator "TA"]
[PlyCount "99"]
[EventDate "2020.01.10"]
[EventType "team-tourn"]
[EventCountry "ISR"]
[SourceTitle "playchess.com"]
[Source "ChessBase"]
[SourceQuality "1"]

{[%evp 24,99,75,73,83,83,83,83,83,62,83,83,83,77,75,76,107,-33,122,121,166,158,158,146,134,141,170,170,167,168,177,177,210,210,210,210,210,210,218,209,238,239,266,266,269,289,293,293,293,290,276,279,289,281,279,293,260,267,508,508,503,502,496,479,475,455,395,373,451,388,316,230,388,351,377,353,856,553]} 1. e4 e5 2. Nf3 Nc6 3. Bb5 a6 4. Ba4 Nf6 5. O-O Be7 6. Re1 b5 7. Bb3 d6 8. c3 O-O 9. h3 Na5 10. Bc2 c5 11. d4 Qc7 12. d5 c4 13. b4 cxb3 {C97: Closed Ruy Lopez: Chigorin Defence: 11 d4 Qc7, sidelines} 14. axb3 Nb7 (14... Bd7 15. Ba3 Bd8 16. Nbd2 Qb8 17. b4 Nc4 18. Nxc4 bxc4 19. Ba4 Bb5 20. Bc1 h6 21. Nh4 Bxa4 22. Rxa4 Nxd5 23. exd5 Bxh4 {1-0 (53) Robson,R (2644)-Sevian,S (2615) Saint Louis 2017}) 15. b4 Nd7 {White is better.} 16. Na3 Nb6 17. Be3 Bd7 18. Qb1 $146 ({Predecessor:} 18. Nd2 Bd8 19. c4 bxc4 20. Bxb6 Qxb6 21. Naxc4 {1-0 (58) Dauletova,G (2275)-Batchimeg,T (2391) Baku 2016}) 18... Rfc8 19. Rc1 Bd8 20. Qa2 ({White should play} 20. Bd3 $16) 20... Nc4 $2 (20... Qxc3 $15 21. Bd2 Qc7) 21. Nxc4 $16 bxc4 22. Ba4 a5 {[#] Strongly threatening ...axb4.} 23. Bxd7 Qxd7 24. Qa4 Qxa4 25. Rxa4 Rab8 26. Nd2 g6 27. Rb1 f5 {And now ...f4 would win.} 28. f3 Kf8 29. Kf1 Ke8 30. Ke2 Kd7 31. Kd1 Ra8 {[#]} 32. Rba1 $1 f4 33. Bf2 h5 34. Kc2 g5 35. b5 Nc5 36. Rxc4 Bb6 37. Bxc5 $1 Rxc5 38. Rxc5 Bxc5 $18 {[%mdl 4096] Endgame KRB-KRN} 39. Nc4 a4 40. Nb2 a3 $2 (40... Rb8 41. Rxa4 Rxb5) 41. Nd3 Be3 42. Kb3 g4 43. Rxa3 gxh3 44. gxh3 (44. Rxa8 $2 {perishes.} hxg2 45. b6 (45. Rg8 $2 g1=Q $19) 45... g1=Q $19) 44... Rg8 45. Ra6 Rg3 46. b6 Rxf3 {With the idea ...Bxb6.} 47. Nb4 {White wants to mate with Ra7+.} Kc8 $2 (47... Bxb6 48. Rxb6 Kc7) 48. Kc4 Bc5 {Now ...Bxb4 and Black clings on.} 49. Nc6 {Intending Kb5 and mate.} Rf1 $2 ({Weaker is} 49... Rxh3 50. Kb5 Kd7 51. Ra8 Bxb6 52. Kxb6 Rxc3 53. Rd8#) (49... Bxb6 50. Rxb6 Kc7) 50. Na5 {Accuracy: White = 83%, Black = 49%.} 1-0